| 000 | 00825nam a2200277Ia 4500 | ||
|---|---|---|---|
| 001 | Para_5676 | ||
| 003 | CHAP | ||
| 008 | 220125s1983 xx 000 0 und d | ||
| 010 | _a204106 | ||
| 040 | _cCHAP | ||
| 090 | _aPA TESIS 25 | ||
| 100 |
_aArredondo Rodríguez, Carlos _97413 |
||
| 245 |
_aFactores involucrados en la pudrición de mazorca en el área de Salvatierra Gto. / _c por Carlos Arredondo Rodríguez |
||
| 260 |
_aIrapuato, Gto. : _b el autor |
||
| 300 | _a41 p. | ||
| 502 | _aTesis (Ing. Agr. Fitotecnia) UG. (Gto.) | ||
| 650 |
_aMaíz _x enfermedades _970939 |
||
| 650 |
_aPudrición del maíz _9170112 |
||
| 901 | _aPA TESIS 25 | ||
| 902 | _aM | ||
| 905 | _a0000001983 0000000000 00 | ||
| 910 | _a1983 | ||
| 942 | _cPARA | ||
| 942 |
_cPARA _d2 |
||
| 999 |
_c204106 _d204106 |
||